[Event "BRA-ch U14 Girls"]
[Site "Florianopolis"]
[Date "2018.04.28"]
[Round "2"]
[White "Felix, Jhulia Vitoria"]
[Black "Bassi, Laura Emanuele Poho"]
[Result "0-1"]
[WhiteElo "1377"]
[BlackElo "1607"]
[PlyCount "106"]
[EventDate "2018.04.28"]
[EventType "swiss"]
[EventRounds "6"]
[EventCountry "BRA"]
[SourceTitle "EXT 2021"]
[Source "ChessBase"]
[SourceDate "2020.10.23"]
[SourceVersion "1"]
[SourceVersionDate "2020.10.23"]
[SourceQuality "1"]

1. d4 d5 2. Nf3 Nf6 3. e3 e6 4. c4 c6 5. Be2 Nbd7 6. 0-0 Be7 7. b3 0-0 8. Bb2 b6 9. Qc2 Bb7 10. Nbd2 h6 11. Rac1 Rc8 12. Qb1 Ba6 13. Rfe1 Bb7 14. cxd5 cxd5 15. Bb5 a6 16. Bxd7 Qxd7 17. Ne5 Qd6 18. Rxc8 Rxc8 19. Rc1 Rxc1+ 20. Qxc1 Nd7 21. Ndf3 Nxe5 22. Nxe5 g6 23. g3 Kg7 24. Qc2 Bf6 25. Ng4 Be7 26. e4 dxe4 27. d5+ Kf8 28. Qc3 e5 29. Nxe5 Qxd5 30. Nd3 f6 31. Ne1 g5 32. Qd4 Qxd4 33. Bxd4 b5 34. Nc2 Kf7 35. Kf1 Ke6 36. Ne3 h5 37. g4 hxg4 38. Nxg4 f5 39. Ne3 a5 40. Bb6 a4 41. bxa4 bxa4 42. Bd4 f4 43. Ng4 Bd5 44. Bb2 Bxa2 45. Ke2 a3 46. Bxa3 Bxa3 47. Kf1 Kf5 48. h3 Bf8 49. Nh2 Bc5 50. Ke2 Bc4+ 51. Ke1 Ba3 52. f3 e3 53. Nf1 Bb4+ 0-1